00542 2200169 4500001002100000008004100021035002000062245009400082100001500176260005000191300002300241020001800264084001700282082001100299650004900310990001300359INLIS000000000000245 ind  a0010-0120000245 aPedoman Al-Qur'an dan HadisbUntuk Kelas 3 Madrasah TsanawiyahcT. Ibrahim dan H. Darsono aIbrahim, T aSolo :bTiga Serangkai Pustaka Mandiri,c2003 ax, 86 hlm.c25 cm. a979-668-425-X a297.12 IBR p a297.12 aAl-Qur'an dan Hadist -- Studi dan Pengajaran a21900245